000
00191 a2200097 4500
020
_a
9781335135643
041
_a
eng
100
_a
Helm, Nicole
245
_a
South dakota showdown
942
_c
BK
999
_c
31088
_d
31086